[Event "ESP-ch 88th"]
[Site "Marbella"]
[Date "2023.10.20"]
[Round "8"]
[White "Ruiz Buendia, Miguel"]
[Black "Gete Rodriguez, Isidro"]
[Result "1-0"]
[WhiteElo "2212"]
[BlackElo "2062"]
[PlyCount "59"]
[EventDate "2023.10.13"]
[EventType "swiss"]
[EventRounds "9"]
[EventCountry "ESP"]
[SourceTitle "Mega2024 Update 01"]
[Source "Chessbase"]
[SourceDate "2023.11.12"]
[SourceVersion "1"]
[SourceVersionDate "2023.11.12"]
[SourceQuality "1"]

1. e4 c5 2. Nf3 Nc6 3. d4 cxd4 4. Nxd4 e5 5. Nb5 d6 6. N1c3 a6 7. Na3 Be7 8. Nc4 b5 9. Ne3 Nf6 10. Bd3 0-0 11. 0-0 Nb4 12. Be2 Be6 13. a3 Nc6 14. Ned5 Bxd5 15. Nxd5 Nxe4 16. Bf3 f5 17. Be3 Rb8 18. Bxe4 fxe4 19. Qg4 Kh8 20. c3 Bf6 21. Rfd1 Ne7 22. Qxe4 Ng6 23. Nb4 Ra8 24. Qc6 Ne7 25. Qxd6 Qc8 26. Nd5 Nf5 27. Qc5 h5 28. Nb6 Qb7 29. Nxa8 Rxa8 30. Qd5 1-0

[Event "ESP-ch 88th"]
[Site "Marbella"]
[Date "2023.10.17"]
[Round "5"]
[White "Perea Fruet, Lorenzo"]
[Black "Gete Rodriguez, Isidro"]
[Result "1-0"]
[WhiteElo "2211"]
[BlackElo "2062"]
[PlyCount "133"]
[EventDate "2023.10.13"]
[EventType "swiss"]
[EventRounds "9"]
[EventCountry "ESP"]
[SourceTitle "Mega2024 Update 01"]
[Source "Chessbase"]
[SourceDate "2023.11.12"]
[SourceVersion "1"]
[SourceVersionDate "2023.11.12"]
[SourceQuality "1"]

1. e4 c6 2. Nf3 d5 3. d3 dxe4 4. dxe4 Qxd1+ 5. Kxd1 Nd7 6. Nbd2 e5 7. Ne1 Nc5 8. f3 Nf6 9. c3 Nfd7 10. Kc2 Be7 11. a4 a5 12. Nc4 Kd8 13. Be3 Kc7 14. Nd3 f6 15. Be2 Nxd3 16. Bxd3 Bc5 17. Bd2 Nb6 18. Nxb6 Bxb6 19. Bc4 Bd7 20. h4 h5 21. Be1 Rad8 22. Bg3 Be3 23. Rhe1 Bh6 24. Red1 g5 25. b4 gxh4 26. Bxh4 Bg5 27. Bf2 b6 28. bxa5 bxa5 29. Bc5 Ra8 30. Rab1 Rh7 31. Bd6+ Kd8 32. Rb7 Ke8 33. Be6 c5 34. Rxd7 Rxd7 35. Bxd7+ Kxd7 36. Bxe5+ Ke6 37. Bc7 Rc8 38. Bxa5 Ra8 39. Bb6 Rxa4 40. Kb3 Ra8 41. Bxc5 Bf4 42. Rh1 Rh8 43. Bf2 Rg8 44. Rxh5 Rxg2 45. Bd4 Bg5 46. Rh1 f5 47. Ra1 f4 48. Ra6+ Kf7 49. e5 Rg3 50. e6+ Kg6 51. e7+ Kf7 52. Bf6 Bxf6 53. Rxf6+ Kxe7 54. Rxf4 Kd6 55. Kc4 Rh3 56. Kb5 Rh5+ 57. Kb6 Rd5 58. c4 Rd3 59. c5+ Kd5 60. c6 Kd6 61. Rb4 Rxf3 62. c7 Rc3 63. Rd4+ Ke7 64. Rd8 Rb3+ 65. Ka5 Ra3+ 66. Kb4 Rd3 67. Rxd3 1-0

[Event "ESP-ch 88th"]
[Site "Marbella"]
[Date "2023.10.15"]
[Round "3"]
[White "Vinolas Anglada, Laura"]
[Black "Gete Rodriguez, Isidro"]
[Result "0-1"]
[WhiteElo "1884"]
[BlackElo "2062"]
[PlyCount "174"]
[EventDate "2023.10.13"]
[EventType "swiss"]
[EventRounds "9"]
[EventCountry "ESP"]
[SourceTitle "Mega2024 Update 01"]
[Source "Chessbase"]
[SourceDate "2023.11.12"]
[SourceVersion "1"]
[SourceVersionDate "2023.11.12"]
[SourceQuality "1"]

1. e4 c6 2. d4 d5 3. exd5 cxd5 4. Bd3 Nc6 5. c3 e6 6. Bf4 Nge7 7. Nf3 f6 8. 0-0 g5 9. Bxg5 fxg5 10. Nxg5 Ng6 11. Qh5 Nce7 12. Nxh7 Kf7 13. Ng5+ Kg7 14. Qe2 Qd6 15. h3 Nf4 16. Qg4 Neg6 17. Bxg6 Nxg6 18. Nd2 e5 19. dxe5 Qxe5 20. Qg3 Bc5 21. Qxe5+ Nxe5 22. Rad1 Rh5 23. Ndf3 Nxf3+ 24. Nxf3 Be6 25. Rfe1 Kf6 26. Nd4 Bd7 27. Re3 Rg8 28. g4 Rg7 29. Rd2 Bd6 30. Rf3+ Ke7 31. Re2+ Kd8 32. Ree3 Re5 33. Kg2 Ke7 34. Rxe5+ Bxe5 35. Nf5+ Bxf5 36. Rxf5 Ke6 37. f4 Bf6 38. Rh5 d4 39. cxd4 Bxd4 40. b3 Rc7 41. Kf3 Rc2 42. Ke4 Ba1 43. Rh7 Re2+ 44. Kf3 Rxa2 45. Rxb7 Bd4 46. Ke4 Bb6 47. f5+ Kf6 48. Rd7 Re2+ 49. Kd5 Re5+ 50. Kc4 Re3 51. Rh7 Rg3 52. Kb4 Rf3 53. Kc4 Ke5 54. Re7+ Kf4 55. Rh7 Kg3 56. Rh8 Kf4 57. Rh5 Ke5 58. Rh6 Bf2 59. Re6+ Kf4 60. Rh6 Be1 61. Rh7 Rc3+ 62. Kd5 a5 63. Ke6 Rxb3 64. Ra7 Rxh3 65. f6 Kxg4 66. f7 Rf3 67. Ra8 Bb4 68. Rb8 Kg3 69. Rb7 Kf2 70. Kd5 Rf4 71. Ra7 Ke3 72. Kc6 Rf5 73. Rd7 Ke4 74. Kb6 Ke5 75. Ra7 Ke6 76. f8Q Rxf8 77. Kb5 Kd6 78. Ka4 Rc8 79. Rh7 Kd5 80. Rh5+ Ke4 81. Rh4+ Kd3 82. Rh3+ Kc2 83. Rh4 Bd2 84. Rg4 Rb8 85. Rg2 Rb1 86. Rg8 Rb4+ 87. Ka3 Bc1+ 0-1

[Event "Benalmadena Rapid op 1st"]
[Site "Benalmadena"]
[Date "2023.02.26"]
[Round "4"]
[White "Gomez Ledo, Roberto Carlos"]
[Black "Gete Rodriguez, Isidro"]
[Result "1-0"]
[WhiteElo "2432"]
[BlackElo "2070"]
[PlyCount "61"]
[EventDate "2023.02.25"]
[EventType "swiss (rapid)"]
[EventRounds "9"]
[EventCountry "ESP"]
[SourceTitle "CBM 212 Extra"]
[Source "ChessBase"]
[SourceDate "2023.03.31"]
[SourceVersion "1"]
[SourceVersionDate "2023.03.31"]
[SourceQuality "1"]

1. Nf3 d5 2. b3 Nf6 3. Bb2 c5 4. e3 a6 5. d4 cxd4 6. Nxd4 Qc7 7. Be2 e5 8. Nf3 Nc6 9. 0-0 Be6 10. Nbd2 Rd8 11. Qc1 Bd6 12. h3 0-0 13. c4 d4 14. e4 Bb4 15. a3 d3 16. axb4 dxe2 17. Re1 Nxb4 18. Bxe5 Qc5 19. Rxe2 Nh5 20. Nf1 f6 21. Bh2 Rd3 22. Re3 g5 23. Rxd3 Nxd3 24. Qe3 Nhf4 25. Bxf4 gxf4 26. Qxd3 Kh8 27. Qd4 Qe7 28. e5 Rg8 29. exf6 Qf7 30. Qxf4 Bxh3 31. Ng3 1-0

[Event "Euskadi-chT (Vasca) Div Honor"]
[Site "Bergara"]
[Date "2015.02.07"]
[Round "5.5"]
[White "Arnaez Gil, Juan Ignacio"]
[Black "Gete Rodriguez, Isidro"]
[Result "0-1"]
[WhiteElo "2192"]
[BlackElo "2142"]
[PlyCount "31"]
[EventDate "2015.01.10"]
[EventType "team-tourn"]
[EventRounds "9"]
[EventCountry "ESP"]
[SourceTitle "EXT 2024"]
[Source "ChessBase"]
[SourceDate "2023.10.10"]
[SourceVersion "1"]
[SourceVersionDate "2023.10.10"]
[SourceQuality "1"]

1. Nf3 Nf6 2. c4 c6 3. g3 d5 4. Bg2 Bf5 5. Qb3 Qb6 6. Nc3 e6 7. 0-0 Nbd7 8. d4 h6 9. Bf4 Ne4 10. c5 Qxb3 11. axb3 g5 12. Be3 Nxc3 13. bxc3 Be4 14. Ra4 Bg7 15. Rfa1 a6 16. Rb4 0-1

[Event "Benidorm op U2300 12th"]
[Site "Benidorm"]
[Date "2013.12.05"]
[Round "8"]
[White "Amdouni, Zoubaier"]
[Black "Gete Rodriguez, Isidro"]
[Result "1-0"]
[WhiteElo "2247"]
[BlackElo "2102"]
[PlyCount "53"]
[EventDate "2013.11.29"]
[EventType "swiss"]
[EventRounds "10"]
[EventCountry "ESP"]
[SourceTitle "CBM 157 Extra"]
[Source "ChessBase"]
[SourceDate "2013.12.19"]
[SourceVersion "1"]
[SourceVersionDate "2013.12.19"]
[SourceQuality "1"]

1. e4 c5 2. Nf3 Nc6 3. d4 cxd4 4. Nxd4 d6 5. Nc3 e5 6. Ndb5 a6 7. Na3 Be7 8. Nc4 b5 9. Ne3 Bg5 10. a4 b4 11. Ncd5 Nge7 12. Nc4 Bxc1 13. Rxc1 Be6 14. Nxd6+ Kf8 15. Ne3 Qc7 16. Bc4 Rd8 17. Bxe6 Rxd6 18. Bd5 Nxd5 19. Nxd5 Qa5 20. Qg4 Qxa4 21. Qc8+ Rd8 22. Qc7 Qb5 23. c4 Qc5 24. 0-0 Qd6 25. Qb6 a5 26. c5 Qd7 27. Rcd1 1-0

[Event "Benidorm op U2300 12th"]
[Site "Benidorm"]
[Date "2013.12.04"]
[Round "7"]
[White "Gete Rodriguez, Isidro"]
[Black "Arias Igual, Alejandro"]
[Result "0-1"]
[WhiteElo "2102"]
[BlackElo "2178"]
[PlyCount "50"]
[EventDate "2013.11.29"]
[EventType "swiss"]
[EventRounds "10"]
[EventCountry "ESP"]
[SourceTitle "CBM 157 Extra"]
[Source "ChessBase"]
[SourceDate "2013.12.19"]
[SourceVersion "1"]
[SourceVersionDate "2013.12.19"]
[SourceQuality "1"]

1. d4 d5 2. c4 e6 3. Nc3 c5 4. cxd5 exd5 5. Nf3 Nc6 6. g3 Nf6 7. Bg2 Be7 8. 0-0 0-0 9. dxc5 Bxc5 10. Na4 Be7 11. b3 Bg4 12. Bb2 Qd7 13. Rc1 Rfe8 14. Nc5 Bxc5 15. Rxc5 Qe7 16. Rc2 Nb4 17. Ba3 Bf5 18. Rc1 a5 19. Nd4 Be4 20. Bh3 h5 21. Qd2 h4 22. Nb5 hxg3 23. hxg3 Qe5 24. Nc7 Qh5 25. Bg2 Ng4 0-1

[Event "Euskadi-chT (Vasca) Div Honor"]
[Site "Bergara"]
[Date "2012.02.25"]
[Round "7.2"]
[White "Serras Uria, Antonio"]
[Black "Gete Rodriguez, Isidro"]
[Result "1-0"]
[WhiteElo "2191"]
[BlackElo "2146"]
[PlyCount "141"]
[EventDate "2012.01.14"]
[EventType "team-tourn"]
[EventRounds "9"]
[EventCountry "ESP"]
[SourceTitle "EXT 2024"]
[Source "ChessBase"]
[SourceDate "2023.10.10"]
[SourceVersion "1"]
[SourceVersionDate "2023.10.10"]
[SourceQuality "1"]
[WhiteTeam "Batalla"]
[BlackTeam "Ruta de Europa"]
[WhiteTeamCountry "ESP"]
[BlackTeamCountry "ESP"]

1. Nf3 Nf6 2. g3 d5 3. c4 c6 4. cxd5 cxd5 5. Bg2 Nc6 6. 0-0 e5 7. d4 e4 8. Ne1 Be6 9. Nc3 Qd7 10. Bg5 Be7 11. Nc2 h6 12. Bxf6 Bxf6 13. e3 Rc8 14. f3 exf3 15. Qxf3 Ne7 16. Nb4 Bg4 17. Qf2 Be6 18. Nd3 0-0 19. Nf4 g6 20. Qf3 Bg5 21. h4 Bxf4 22. Qxf4 Kh7 23. h5 g5 24. Qf6 Rc6 25. Qe5 Qc7 26. e4 Qxe5 27. dxe5 d4 28. Nd5 Ng8 29. Rad1 Rc2 30. Rxd4 Rxb2 31. Nc7 Bxa2 32. e6 Rb6 33. Bh3 Rb1 34. Rxb1 Bxb1 35. Bf5+ Kg7 36. Rb4 Bxe4 37. Bxe4 Rc8 38. Rxb7 fxe6 39. Ne8+ Kf8 40. Nd6 Rc1+ 41. Kf2 Ne7 42. Rxa7 Rd1 43. Rd7 Nd5 44. Rf7+ Kg8 45. Bh7+ Kh8 46. Ne4 Rh1 47. Bg6 Rh2+ 48. Kg1 Re2 49. Nf6 Nxf6 50. Rxf6 Kg7 51. Rf7+ Kg8 52. Kf1 Rb2 53. Re7 Rb6 54. Kf2 Rb3 55. Rxe6 Kg7 56. g4 Rb4 57. Bf5 Rf4+ 58. Ke3 Rf1 59. Rg6+ Kh7 60. Rxg5+ Kh8 61. Rg6 Kh7 62. Bd3 Rd1 63. Be4 Rg1 64. Kf4 Re1 65. Bf5 Rf1+ 66. Ke5 Re1+ 67. Kf6 Ra1 68. Rg7+ Kh8 69. Rh7+ Kg8 70. Rxh6 Ra6+ 71. Kg5 1-0

[Event "Euskadi-chT (Vasca) Div Honor"]
[Site "Bergara"]
[Date "2012.02.18"]
[Round "5"]
[White "Argandona Riveiro, Inigo"]
[Black "Gete Rodriguez, Isidro"]
[Result "1/2-1/2"]
[WhiteElo "2387"]
[BlackElo "2146"]
[PlyCount "134"]
[EventDate "2012.01.14"]
[EventType "team-tourn"]
[EventRounds "9"]
[EventCountry "ESP"]
[SourceTitle "EXT 2024"]
[Source "ChessBase"]
[SourceDate "2023.10.10"]
[SourceVersion "1"]
[SourceVersionDate "2023.10.10"]
[SourceQuality "1"]
[WhiteTeam "Gros Xake Taldea"]
[BlackTeam "Ruta de Europa"]
[WhiteTeamCountry "ESP"]
[BlackTeamCountry "ESP"]

1. c4 c6 2. e4 d5 3. exd5 cxd5 4. cxd5 Nf6 5. Nc3 Nxd5 6. Nf3 Nc6 7. d4 Bf5 8. Bc4 Nxc3 9. bxc3 e6 10. 0-0 Be7 11. Bd3 Bxd3 12. Qxd3 0-0 13. Rb1 Na5 14. c4 Rc8 15. Bd2 Nxc4 16. Rxb7 Nxd2 17. Qxd2 Rc7 18. Rxc7 Qxc7 19. Rc1 Qb7 20. Qc2 Rd8 21. h3 g6 22. Qc7 Rd7 23. Qf4 Ba3 24. Re1 Qd5 25. Qd2 f6 26. Qe3 Bb4 27. Qxe6+ Qxe6 28. Rxe6 Kf7 29. Ra6 g5 30. g4 Bc3 31. Ra4 a5 32. Kf1 Re7 33. Rc4 Bb4 34. Rc6 Re4 35. Ra6 Kg7 36. a3 Bc3 37. Rc6 Bb2 38. Rc5 a4 39. Rc4 Bxa3 40. Rxa4 Bc1 41. Ra1 Bb2 42. Rd1 Kf7 43. Rd2 Ba1 44. Ra2 Bc3 45. Ra3 Bb2 46. Rb3 Bc1 47. Rb1 Ba3 48. Re1 Rf4 49. Ke2 Kg6 50. Ke3 h5 51. gxh5+ Kxh5 52. h4 Bd6 53. hxg5 fxg5 54. Nd2 Bb4 55. Rh1+ Kg4 56. Rg1+ Kf5 57. Nf3 g4 58. Ne5 Bc3 59. Nc6 Rf3+ 60. Ke2 Rh3 61. d5 Bf6 62. Rg3 Rxg3 63. fxg3 Ke4 64. Nb4 Be7 65. Nc2 Bd6 66. Ne3 Bxg3 67. Nxg4 Kxd5 1/2-1/2

[Event "Basque-chT"]
[Site "Bergara"]
[Date "2012.01.21"]
[Round "2"]
[White "Gete Rodriguez, Isidro"]
[Black "Gomez Esteban, Juan Mario"]
[Result "0-1"]
[WhiteElo "2146"]
[BlackElo "2471"]
[PlyCount "87"]
[EventDate "2012.01.14"]
[EventType "team"]
[EventRounds "9"]
[EventCountry "ESP"]
[SourceTitle "EXT 2013"]
[Source "ChessBase"]
[SourceDate "2012.11.22"]
[SourceVersion "1"]
[SourceVersionDate "2012.11.22"]
[SourceQuality "1"]
[WhiteTeam "Ruta de Europa"]
[BlackTeam "Sestao"]
[WhiteTeamCountry "ESP"]
[BlackTeamCountry "ESP"]

1. d4 Nf6 2. c4 e6 3. Nc3 Bb4 4. e3 0-0 5. Nge2 d5 6. a3 Be7 7. cxd5 exd5 8. Nf4 a5 9. Bd3 c6 10. 0-0 Bd6 11. e4 dxe4 12. Nxe4 Nxe4 13. Bxe4 Nd7 14. g3 Nf6 15. Bf3 Re8 16. Nd3 Bf5 17. Nc5 Qe7 18. Be3 Nd5 19. Re1 Bxc5 20. Bxd5 Rad8 21. dxc5 Rxd5 22. Qa4 h6 23. Qxa5 Qd7 24. Qc3 Rd3 25. Qc1 Qd5 26. f3 Rexe3 27. Rxe3 Qd4 28. Kf2 Rd2+ 29. Qxd2 Qxd2+ 30. Re2 Qd4+ 31. Kg2 Qxc5 32. Rd1 Be6 33. Rdd2 Bd5 34. Rf2 Qe3 35. Rc2 g5 36. Rc3 Qe1 37. g4 Kg7 38. Rcc2 h5 39. h3 h4 40. Rce2 Qd1 41. Re5 Kg6 42. Re7 b5 43. Re3 Qd4 44. Rc3 0-1

[Event "Euskadi-chT (Vasca) Div Honor"]
[Site "Bergara"]
[Date "2011.01.29"]
[Round "4.4"]
[White "Gete Rodriguez, Isidro"]
[Black "Gutierrez Bustillo, Diego"]
[Result "1-0"]
[WhiteElo "2130"]
[BlackElo "2029"]
[PlyCount "97"]
[EventDate "2011.01.08"]
[EventType "team-tourn"]
[EventRounds "9"]
[EventCountry "ESP"]
[SourceTitle "EXT 2024"]
[Source "ChessBase"]
[SourceDate "2023.10.10"]
[SourceVersion "1"]
[SourceVersionDate "2023.10.10"]
[SourceQuality "1"]

1. e4 e6 2. d4 d5 3. Nd2 c5 4. exd5 Qxd5 5. dxc5 Bxc5 6. Ngf3 Nf6 7. Bc4 Qh5 8. Nb3 Bb6 9. 0-0 0-0 10. Bf4 Qg4 11. Qc1 Nh5 12. Bxb8 Rxb8 13. Ne5 Qf5 14. Nf3 Nf4 15. g3 Nh3+ 16. Kg2 Nxf2 17. Rxf2 Bxf2 18. Kxf2 e5 19. Kg2 b5 20. Be2 Bb7 21. Nc5 Ba8 22. Qe3 Rbc8 23. b4 Qxc2 24. a3 Rfd8 25. Rc1 Qa2 26. Kf2 e4 27. Nd4 Qb2 28. Nxb5 Rd2 29. Rc3 a6 30. Rb3 Rxe2+ 31. Qxe2 Qxe2+ 32. Kxe2 axb5 33. Rc3 f5 34. Ke3 g5 35. Rc2 Kf7 36. Rd2 Re8 37. Rd6 Rb8 38. Rh6 Kg7 39. Rd6 Kf7 40. Rh6 Kg7 41. Rd6 h5 42. Ne6+ Kf6 43. Nd4+ Ke5 44. Re6+ Kd5 45. Rf6 f4+ 46. gxf4 gxf4+ 47. Rxf4 Kc4 48. Rf5 Kc3 49. Rf2 1-0

[Event "Euskadi-chT (Vasca) Div Honor"]
[Site "Bergara"]
[Date "2011.01.15"]
[Round "2.3"]
[White "Gete Rodriguez, Isidro"]
[Black "Serras Uria, Antonio"]
[Result "1/2-1/2"]
[WhiteElo "2130"]
[BlackElo "2201"]
[PlyCount "220"]
[EventDate "2011.01.08"]
[EventType "team-tourn"]
[EventRounds "9"]
[EventCountry "ESP"]
[SourceTitle "EXT 2024"]
[Source "ChessBase"]
[SourceDate "2023.10.10"]
[SourceVersion "1"]
[SourceVersionDate "2023.10.10"]
[SourceQuality "1"]

1. d4 Nf6 2. c4 c5 3. d5 e6 4. Nc3 exd5 5. cxd5 d6 6. e4 g6 7. f4 Bg7 8. Bb5+ Nfd7 9. Be2 0-0 10. Nf3 a6 11. a4 b6 12. 0-0 Bb7 13. Be3 Re8 14. Nd2 Nf6 15. Bf2 Nbd7 16. Bf3 Qb8 17. Qb3 Ra7 18. Nc4 Ba8 19. Rfe1 Rb7 20. Bg3 Nh5 21. Bxh5 gxh5 22. Qd1 b5 23. axb5 axb5 24. Rxa8 Qxa8 25. Nxd6 b4 26. Na4 c4 27. Nxc4 Qa6 28. b3 Qh6 29. Qf3 Bd4+ 30. Bf2 Bxf2+ 31. Kxf2 Rbb8 32. e5 Qg6 33. Nd6 Re7 34. Qg3 Qxg3+ 35. hxg3 Rf8 36. Rc1 Nxe5 37. fxe5 Rxe5 38. Nb6 Kg7 39. Rc4 Rd8 40. Ndc8 Rde8 41. Rxb4 Re2+ 42. Kf3 Re1 43. g4 Rf1+ 44. Kg3 Re3+ 45. Kh2 h4 46. g5 h3 47. d6 hxg2 48. Kxg2 Ref3 49. Rg4 R1f2+ 50. Kg1 Rf1+ 51. Kg2 R1f2+ 52. Kg1 Rf1+ 53. Kh2 Rxb3 54. d7 Rd1 55. Rg2 h6 56. gxh6+ Kxh6 57. Rf2 Kg7 58. Kg2 Rbd3 59. Ne7 Rxd7 60. Nxd7 Rxd7 61. Nc6 Rd5 62. Rf4 Rc5 63. Nd4 Kg6 64. Kf3 Re5 65. Nc6 Re6 66. Rg4+ Kh5 67. Rc4 Kg6 68. Kf4 Rf6+ 69. Ke5 Re6+ 70. Kd5 Re1 71. Ne5+ Kf5 72. Nxf7 Rd1+ 73. Kc5 Ke6 74. Ng5+ Kf5 75. Nf3 Ke6 76. Rg4 Kf5 77. Rh4 Kf6 78. Rh5 Kg6 79. Rh4 Kf6 80. Nd4 Ke5 81. Rh5+ Ke4 82. Rh4+ Ke5 83. Kc4 Ra1 84. Nc6+ Kf5 85. Kd5 Kg5 86. Re4 Kf6 87. Re5 Ra4 88. Re6+ Kf5 89. Ne7+ Kf4 90. Rf6+ Ke3 91. Nf5+ Kd3 92. Rc6 Ra5+ 93. Ke6 Rb5 94. Rd6+ Kc3 95. Nd4 Rh5 96. Ne2+ Kc4 97. Rd4+ Kc5 98. Rd3 Kc4 99. Rc3+ Kb4 100. Kd6 Rh6+ 101. Kd5 Rh5+ 102. Ke4 Rh4+ 103. Kf5 Rh5+ 104. Kg4 Rh8 105. Rc7 Rf8 106. Nf4 Kb5 107. Kf3 Kb6 108. Rc2 Rf5 109. Ke4 Rc5 110. Rxc5 Kxc5 1/2-1/2

[Event "Euskadi-chT (Vasca) Div Honor"]
[Site "Bergara"]
[Date "2011.01.08"]
[Round "1"]
[White "Jimenez Martin, Gustavo"]
[Black "Gete Rodriguez, Isidro"]
[Result "1/2-1/2"]
[WhiteElo "2158"]
[BlackElo "2130"]
[PlyCount "81"]
[EventDate "2011.01.08"]
[EventType "team-tourn"]
[EventRounds "9"]
[EventCountry "ESP"]
[SourceTitle "EXT 2024"]
[Source "ChessBase"]
[SourceDate "2023.10.10"]
[SourceVersion "1"]
[SourceVersionDate "2023.10.10"]
[SourceQuality "1"]

1. d4 d5 2. Nc3 Nf6 3. Bg5 Bf5 4. Bxf6 exf6 5. e3 c6 6. Bd3 Bxd3 7. Qxd3 g6 8. 0-0-0 Bg7 9. e4 0-0 10. exd5 f5 11. Qf3 a5 12. Nge2 a4 13. a3 Qb6 14. Qd3 Rd8 15. Qc4 Qa5 16. Rhe1 cxd5 17. Qb5 Qxb5 18. Nxb5 Nc6 19. Nbc3 Ra5 20. Kb1 b5 21. Na2 Re8 22. c3 Raa8 23. Nf4 Rxe1 24. Rxe1 Rd8 25. Nc1 Kf8 26. Ncd3 g5 27. Nh5 Bh8 28. f4 h6 29. Rf1 Ne7 30. h3 Rd6 31. Re1 Re6 32. Ng3 gxf4 33. Nh5 Re4 34. Nhxf4 Bf6 35. Kc2 Bg5 36. Rf1 Bxf4 37. Nxf4 Kg7 38. Kd3 Kf6 39. Rf2 Kg5 40. Ne2 f4 41. Ng1 1/2-1/2

[Event "Euskadi-chT"]
[Site "Bergara"]
[Date "2010.03.13"]
[Round "9.3"]
[White "Gomez Esteban, Juan Mario"]
[Black "Gete Rodriguez, Isidro"]
[Result "1-0"]
[WhiteElo "2490"]
[BlackElo "2132"]
[PlyCount "59"]
[EventDate "2010.01.09"]
[EventType "team-tourn"]
[EventRounds "9"]
[EventCountry "ESP"]
[SourceTitle "EXT 2011"]
[Source "ChessBase"]
[SourceDate "2010.11.26"]
[SourceVersion "1"]
[SourceVersionDate "2010.11.26"]
[SourceQuality "1"]

1. d4 d5 2. c4 c6 3. Nc3 Nf6 4. Nf3 dxc4 5. a4 Bf5 6. Nh4 Bd7 7. e3 b5 8. Nf3 e6 9. Ne5 Qa5 10. Bd2 b4 11. Na2 Ne4 12. Qf3 Nxd2 13. Qxf7+ Kd8 14. Kxd2 c3+ 15. bxc3 bxc3+ 16. Nxc3 Bb4 17. Qxd7+ Nxd7 18. Nxc6+ Ke8 19. Nxa5 Bxa5 20. Bb5 a6 21. Bxd7+ Kxd7 22. Kd3 Rab8 23. Rab1 Bb4 24. Ne4 Rhc8 25. Rhc1 a5 26. f4 Rxc1 27. Rxc1 Ba3 28. Rc3 Be7 29. Nc5+ Kd6 30. Rb3 1-0

[Event "Euskadi-chT"]
[Site "Bergara"]
[Date "2010.02.06"]
[Round "5.5"]
[White "Gutierrez Bustillo, Diego"]
[Black "Gete Rodriguez, Isidro"]
[Result "0-1"]
[WhiteElo "2020"]
[BlackElo "2132"]
[PlyCount "58"]
[EventDate "2010.01.09"]
[EventType "team-tourn"]
[EventRounds "9"]
[EventCountry "ESP"]
[SourceTitle "EXT 2011"]
[Source "ChessBase"]
[SourceDate "2010.11.26"]
[SourceVersion "1"]
[SourceVersionDate "2010.11.26"]
[SourceQuality "1"]

1. e4 e5 2. Nf3 Nc6 3. d4 exd4 4. Nxd4 Nf6 5. Nxc6 bxc6 6. e5 Qe7 7. Qe2 Nd5 8. c4 Nb6 9. b3 a5 10. Bb2 a4 11. Qe3 axb3 12. axb3 Rxa1 13. Bxa1 Qb4+ 14. Qc3 Na4 15. Qxb4 Bxb4+ 16. Kd1 Nc5 17. Kc2 d5 18. Bd3 0-0 19. Nc3 Nxd3 20. Kxd3 Bf5+ 21. Kd4 dxc4 22. Kxc4 c5 23. Na2 Ba3 24. Rd1 Rb8 25. Kc3 Be6 26. Rb1 c4 27. b4 Rd8 28. Bb2 Rd3+ 29. Kc2 Rb3 0-1